LEADER 01395nam a2200325 u 4500 001 000000129109 003 CaOOAMICUS 005 20120528174906.0 008 120528t2012 it u000 u ita r 020 $a978-88-211-6125-4 040 $aPUL$bita 082 04$a194 100 1 $aRousseau, Jean-Jacques,$d1712-1778.$0(OLS)http://pul/name/9887 245 10$aLettere morali /$cJean-Jacques Rousseau ; a cura di Guglielmo Forni Rosa. 260 $aMilano-Genova :$bMarietti 1820,$c2012. 300 $a125 p. ;$c21 cm. 490 1 $aLe vie ;$v15 504 $aBibliografia in nota. 600 14$aRousseau, Jean-Jacques,$d1712-1778.$0(OLS)http://pul/subject/4954 700 1 $aForni Rosa, Guglielmo.$0(OLS)http://pul/name/74193 700 1 $aRousseau, Jean-Jacques,$d1712-1778.$tOpere.$0(OLS)http://pul/nameTitle/903$0(OLS)http://pul/name/9887$0(OLS)http://pul/title/5258 830 3$aLe vie ;$v15.$0(OLS)http://pul/title/65577 850 $aPUL 852 $aPUL$W1$xSL Filosofia 3$y81$m194 ROUJE 3$j149485$qDDC 21$B148025$CPULBib$Z2$F148025 $H119753 $82 941 1 $a9 996 $6020$a978-88-211-6125-4$9(OLS)http://pul/number/149845 996 $6082$a194$9(OLS)http://pul/classification/382 996 $6245$aLettere morali$9(OLS)http://pul/title/163138 996 $6260$aMilano-Genova :$bMarietti 1820$9(OLS)http://pul/publisher/75646 LEADER 01153nam a2200301 u 4500 001 000000040827 003 CaOOAMICUS 005 20070226114139.0 008 980716s1991 it u000 u ita u 020 $a8814032106 035 $a10800035 040 $aMSA$bita$dPUL 100 1 $aClarizia, Renato$b1950-$0(OLS)http://pul/name/29220 245 13$aLa cessione del contratto /$cRenato Clarizia. 260 $aMilano :$bGiuffrè,$c1991. 300 $ax, 164 p. ;$c25 cm 490 1 $aIl Codice civile.$aCommentario 500 $aContiene indici. 505 0 $aArtt. 1406-1410. 650 4$aContratti.$0(OLS)http://pul/subject/3380 830 3$aIl Codice civile.$pCommentario.$0(OLS)http://pul/title/53143 850 $aPUL 852 $aPUL$W1$xSL Diritto e Scienze Sociali 3$y79$m300 A 1.1406$j55421$nBK-PRI$b $qDDC 21$B55421$CPULBib$Z2$F55421 $H86363 $82 941 1 $a9 960 $aDiritto contrattuale$93380 996 $6020$a8814032106$9(OLS)http://pul/number/50685 996 $6245$aLa cessione del contratto$9(OLS)http://pul/title/55050 996 $6260$aMilano :$bGiuffrè$9(OLS)http://pul/publisher/48401